| 000 | 00598nam a22002297a 4500 | ||
|---|---|---|---|
| 005 | 20240712213901.0 | ||
| 040 | _curs | ||
| 050 | _aHG 173 P34 2010 | ||
| 100 |
_aPagoso, Cristobal M. _eauthor |
||
| 245 |
_aMoney, Credit and Banking _cCristobal M. Pagoso |
||
| 250 | _a1st Edition | ||
| 260 |
_aManila _bRex Book Store _c2010 |
||
| 300 | _a263 pages | ||
| 336 |
_2rdacontent _atext _btxt |
||
| 337 |
_2rdamedia _aunmediated _bn |
||
| 338 |
_2rdacarrier _avolume _bnc |
||
| 650 |
_2Finance _vTextbooks |
||
| 650 | _2Money | ||
| 650 | _2Credit | ||
| 650 | _2Banks and Banking | ||
| 942 |
_2lcc _cBK |
||
| 999 |
_c80697 _d80696 |
||